00356nam a22001457a 4500003000500000038001100005082001600016100001600032245002900048260004300077300001300120500001500133880003200148880003000180NUST awaseem a891.42bRAN aRana, Aslam aNook Palak /cAslam Rana aLahore :bPolimar Publication, c1986. a192 p. ; aPaperback. 6100-02\raاسلم رانا 6245-02\raنوک پلک /